000 01219nam a2200325Ia 4500
001 ebr10515861
003 CaPaEBR
006 m u
007 cr cn|||||||||
008 111102s2012 inu s 001 0 eng d
020 _z9781118024430
020 _z9781118222003
040 _aCaPaEBR
_cCaPaEBR
035 _a(OCoLC)769190371
050 1 4 _aQA76.9.V5
_bK87 2012eb
100 1 _aKusek, Christopher.
245 1 0 _aVMware vSphere 5 administration instant reference
_h[electronic resource] /
_cChristopher Kusek, Van V. Van Noy, Andy Daniel.
250 _a2nd ed.
260 _aIndianapolis, IN :
_bJohn Wiley,
_cc2012.
300 _axxi, 362 p.
500 _aIncludes index.
533 _aElectronic reproduction.
_bPalo Alto, Calif. :
_cebrary,
_d2011.
_nAvailable via World Wide Web.
_nAccess may be limited to ebrary affiliated libraries.
650 0 _aVirtual computer systems.
650 0 _aVirtual storage (Computer science)
655 7 _aElectronic books.
_2local
700 1 _aVan Noy, Van V.
700 1 _aDaniel, Andy.
710 2 _aebrary, Inc.
856 4 0 _uhttp://site.ebrary.com/lib/rucke/Doc?id=10515861
_zAn electronic book accessible through the World Wide Web; click to view
999 _c224723
_d224723